Statistics for Top 50 NBA Finals Point Leaders

Click here to take the quiz!

General Stats

  • This quiz has been taken 47 times
  • The average score is 35 of 50

Answer Stats

Rk Player PTS Team % Correct
3Kareem Abdul-Jabbar1317Bucks, Lakers
100%
4Michael Jordan1176Bulls
100%
2LeBron James1562Cavaliers, Heat, Lakers
100%
10Magic Johnson971Lakers
100%
11Kobe Bryant937Lakers
100%
19Tim Duncan708Spurs
98%
30Tony Parker479Spurs
98%
12Shaquille O'Neal865Magic, Lakers, Heat
98%
1Jerry West1677Lakers
95%
37Manu GinĂ³bili407Spurs
95%
23Wilt Chamberlain652Warriors, 76ers, Lakers
95%
22Scottie Pippen664Bulls
95%
21Dennis Johnson676SuperSonics, Celtics
95%
14Stephen Curry741Warriors
95%
6Bill Russell1151Celtics
95%
16Larry Bird716Celtics
93%
48Kyrie Irving360Cavaliers
91%
34Kevin Durant455Thunder, Warriors
91%
33Hakeem Olajuwon467Rockets
91%
27Julius Erving56176ers
91%
20Dwyane Wade693Heat
91%
29Klay Thompson508Warriors
88%
9John Havlicek1020Celtics
84%
28Kevin McHale556Celtics
81%
13James Worthy754Lakers
81%
47Isiah Thomas361Pistons
81%
44Clyde Drexler367Blazers, Rockets
77%
5Elgin Baylor1161Lakers
77%
46Kawhi Leonard362Spurs, Raptors
77%
17Bob Cousy713Celtics
74%
18Bob Pettit709Hawks
74%
31Robert Parish477Celtics
70%
49Robert Horry358Rockets, Lakers, Spurs
70%
43Derek Fisher376Lakers, Thunder
67%
15George Mikan741Lakers
67%
7Sam Jones1143Celtics
67%
45Rick Barry363Warriors
58%
41Danny Ainge383Celtics, Blazers, Suns
47%
8Tom Heinsohn1035Celtics
37%
32Michael Cooper474Lakers
35%
50Gail Goodrich358Lakers
33%
38Jamaal Wilkes398Warriors, Lakers
19%
40Vern Mikkelsen385Lakers
16%
24Frank Ramsey634Celtics
16%
26Bill Sharman574Celtics
16%
25Cliff Hagan578Hawks
12%
35Tom Sanders453Celtics
9%
42Slater Martin378Lakers, Hawks
7%
36Bob Dandridge449Bucks, Bullets
7%
39Jim Pollard388Lakers
5%

Score Distribution

Percentile by Number Answered

Percent of People with Each Score

Your Score History

You have not taken this quiz